تخطي إلى المحتوى
Inicio
Centros participantes
Catálogo
Servicios
Contacto
تسجيل الدخول
English
Deutsch
Español
Français
Italiano
日本語
Nederlands
Português
Português (Brasil)
中文(简体)
中文(繁體)
Türkçe
עברית
Gaeilge
Cymraeg
Ελληνικά
Català
Euskara
Русский
Čeština
Suomi
Svenska
polski
Dansk
slovenščina
اللغة العربية
বাংলা
Galego
Tiếng Việt
Hrvatski
हिंदी
Հայերէն
Українська
Sámegiella
اللغة
كل الحقول
العنوان
المؤلف
الموضوع
رقم الاستدعاء
ردمك/تدمد
الوسم
ابحث
بحث متقدم
Nietzsche en España
استشهد بهذا
أرسل هذا بالبريد الإلكتروني
طباعة
تصدير التسجيلة
تصدير إلى RefWorks
تصدير إلى EndNoteWeb
تصدير إلى EndNote
أضف إلى المفضلة
رابط دائم
إضافة أول تقييم
Nietzsche en España
محفوظ في:
التفاصيل البيبلوغرافية
المؤلف الرئيسي:
Sobejano, Gonzálo
التنسيق:
كتاب
اللغة:
Undetermined
منشور في:
Madrid, España
Gredos
1967
الموضوعات:
FILOSOFÍA
الوسوم:
إضافة وسم
لا توجد وسوم, كن أول من يضع وسما على هذه التسجيلة!
المقتنيات
الوصف
التعليقات
مواد مشابهة
عرض للأخصائي
MARC
LEADER
00000nam a2200000Ia 4500
008
170316s9999 xx 000 0 und d
090
|a
100 S-51n
100
|a
Sobejano, Gonzálo
245
|a
Nietzsche en España
260
|a
Madrid, España
260
|b
Gredos
260
|c
1967
300
|a
687 páginas
650
|a
FILOSOFÍA
999
|c
17655
|d
17655
040
|a
cru BVZT
942
|c
15 D
|h
100 S-51n
|2
z
مواد مشابهة
Nietzsche
حسب: Stern, J.P
منشور في: (1978)
Nietzsche's case = El caso de Nietzsche /
حسب: Magnus, Bernd
منشور في: (1993)
El caso Nietzsche
حسب: Vincenzi, Moises
منشور في: (1963)
El caso Nietzsche
حسب: Vincenzi, Moisés
منشور في: (1930)
Nietzsche, una guía
حسب: Galimberti, Katja
منشور في: (2004)